000 00329nam a2200133Ia 4500
005 20260328104326.0
008 260328s9999||||xx |||||||||||||| ||und||
100 _aRinaldi, Thomas
245 0 _aPatented 1.000 Design patents /
_cThomas Rinaldi
260 _bPhaidon
300 _a1055 p.
650 _aDISEÑADORES
942 _cBK
999 _c11522
_d11522